书目信息 |
| 题名: |
谁统治地球
|
|
| 作者: | 斯坦伯格 著 ;彭峰 译 | |
| 分册: | ||
| 出版信息: | 上海 上海社会科学院出版社 2018.11 |
|
| 页数: | 373页 | |
| 开本: | 22cm | |
| 丛书名: | 上海社会科学院创新译丛 | |
| 单 册: | ||
| 中图分类: | X24 | |
| 科图分类: | ||
| 主题词: | 环境社会学--huan jing she hui xue--研究 | |
| 电子资源: | ||
| ISBN: | 978-7-5520-2705-1 | |
| 000 | 01611nam 2200313 450 | |
| 001 | 202019133569 | |
| 005 | 20190921113345.0 | |
| 010 | @a978-7-5520-2705-1@b精装@dCNY68.00 | |
| 100 | @a20190918d2018 em y0chiy50 ea | |
| 101 | 1 | @achi@ceng |
| 102 | @aCN@b310000 | |
| 105 | @aak a 000yy | |
| 106 | @ar | |
| 200 | 1 | @a谁统治地球@Ashui tong zhi di qiu@e社会规则如何形塑我们的星球和生活@f(美) 保罗·F.斯坦伯格著@d= Who rules the earth@ehow social rules shape our planet and our lives@fPaul F. Steinberg@g彭峰等译@zeng |
| 210 | @a上海@c上海社会科学院出版社@d2018.11 | |
| 215 | @a373页@c图@d22cm | |
| 225 | 2 | @a上海社会科学院创新译丛@Ashang hai she hui ke xue yuan chuang xin yi cong |
| 314 | @a保罗·F. 斯坦伯格,哈维玛德学院的可持续发展与社会马尔科姆·刘易斯讲席教授、政策科学与环境政策教授。 | |
| 320 | @a有书目 (第320-371页) | |
| 330 | @a本书在全球范围内, 每年有50万人死于空气污染 —— 超过每年战争死亡人数。地球上每5种哺乳动物中就有1种遭受灭绝的威胁。气候变暖, 森林衰退, 每天我们都会听到生态危机的最新消息。实现社会发展的可持续性, 我们要做些什么? 许多人已经做了很多“小事”, 比如回收或购买有机农产品。 | |
| 410 | 0 | @12001 @a上海社会科学院创新译丛 |
| 500 | 10 | @aWho rules the earth : how social rules shape our planet and our lives@mChinese |
| 517 | 1 | @a社会规则如何形塑我们的星球和生活@Ashe hui gui ze ru he xing su wo men de xing qiu he sheng huo |
| 606 | 0 | @a环境社会学@Ahuan jing she hui xue@x研究 |
| 690 | @aX24@v5 | |
| 701 | 1 | @a斯坦伯格@Asi tan bo ge@g(Steinberg, Paul F.)@4著 |
| 702 | 0 | @a彭峰@Apeng feng@4译 |
| 801 | 0 | @aCN@c20190905 |
| 905 | @a河南城建学院图书馆@dX24@eS709 | |
| 谁统治地球:社会规则如何形塑我们的星球和生活/(美) 保罗·F.斯坦伯格著= Who rules the earth:how social rules shape our planet and our lives/Paul F. Steinberg/彭峰等译.-上海:上海社会科学院出版社,2018.11 |
| 373页:图;22cm.-(上海社会科学院创新译丛) |
| ISBN 978-7-5520-2705-1(精装):CNY68.00 |
| 本书在全球范围内, 每年有50万人死于空气污染 —— 超过每年战争死亡人数。地球上每5种哺乳动物中就有1种遭受灭绝的威胁。气候变暖, 森林衰退, 每天我们都会听到生态危机的最新消息。实现社会发展的可持续性, 我们要做些什么? 许多人已经做了很多“小事”, 比如回收或购买有机农产品。 |
| ● |
| 相关链接 |
|
|
|
正题名:谁统治地球
索取号:X24/S709
 
预约/预借
| 序号 | 登录号 | 条形码 | 馆藏地/架位号 | 状态 | 备注 |
| 1 | 1440722 | 214407220 | 自科库501/501自科库 65排2列2层/ [索取号:X24/S709] | 在馆 | |
| 2 | 1440723 | 214407239 | 自科库501/501自科库 65排2列2层/ [索取号:X24/S709] | 在馆 |